| 000 | 00342nam a22001337a 4500 | ||
|---|---|---|---|
| 003 | LRUA | ||
| 005 | 20230517222924.0 | ||
| 008 | 230517b xxu||||| |||| 00| 0 eng d | ||
| 040 | _cRUA | ||
| 082 | _2CNE LEX 1976 C227 Or. | ||
| 245 | _aLEXIOUE METHODIQUE ILLUSTRE DU MACHINISME AGRICOLE | ||
| 260 |
_aPhnom Penh _bRUA _c1976 |
||
| 942 |
_2ddc _cREC |
||
| 999 |
_c21354 _d21354 |
||